<?xml version="1.0" encoding="UTF-8"?><?xml-stylesheet type="text/xsl" href="static/style.xsl"?><OAI-PMH xmlns="http://www.openarchives.org/OAI/2.0/" xmlns:xsi="http://www.w3.org/2001/XMLSchema-instance" xsi:schemaLocation="http://www.openarchives.org/OAI/2.0/ http://www.openarchives.org/OAI/2.0/OAI-PMH.xsd"><responseDate>2026-04-13T15:08:46Z</responseDate><request verb="GetRecord" identifier="oai:www.recercat.cat:10230/71292" metadataPrefix="marc">https://recercat.cat/oai/request</request><GetRecord><record><header><identifier>oai:recercat.cat:10230/71292</identifier><datestamp>2025-10-11T20:07:44Z</datestamp><setSpec>com_2072_6</setSpec><setSpec>col_2072_452952</setSpec></header><metadata><record xmlns="http://www.loc.gov/MARC21/slim" xmlns:dcterms="http://purl.org/dc/terms/" xmlns:xsi="http://www.w3.org/2001/XMLSchema-instance" xmlns:doc="http://www.lyncode.com/xoai" xsi:schemaLocation="http://www.loc.gov/MARC21/slim http://www.loc.gov/standards/marcxml/schema/MARC21slim.xsd">
   <leader>00925njm 22002777a 4500</leader>
   <datafield ind2=" " ind1=" " tag="042">
      <subfield code="a">dc</subfield>
   </datafield>
   <datafield ind2=" " ind1=" " tag="720">
      <subfield code="a">Bonnal, Sophie</subfield>
      <subfield code="e">author</subfield>
   </datafield>
   <datafield ind2=" " ind1=" " tag="720">
      <subfield code="a">Bajew, Simon, 1994-</subfield>
      <subfield code="e">author</subfield>
   </datafield>
   <datafield ind2=" " ind1=" " tag="720">
      <subfield code="a">Martínez Corral, Rosa, 1991-</subfield>
      <subfield code="e">author</subfield>
   </datafield>
   <datafield ind2=" " ind1=" " tag="720">
      <subfield code="a">Irimia Martínez, Manuel</subfield>
      <subfield code="e">author</subfield>
   </datafield>
   <datafield ind2=" " ind1=" " tag="260">
      <subfield code="c">2025-09-29T15:08:57Z</subfield>
   </datafield>
   <datafield ind2=" " ind1=" " tag="260">
      <subfield code="c">2025</subfield>
   </datafield>
   <datafield ind2=" " ind1=" " tag="260">
      <subfield code="c">info:eu-repo/date/embargoEnd/2026-02-07</subfield>
   </datafield>
   <datafield ind2=" " ind1=" " tag="520">
      <subfield code="a">Data de publicació electrònica: 07-08-2025</subfield>
   </datafield>
   <datafield ind2=" " ind1=" " tag="520">
      <subfield code="a">Microexons are essential for the proper operation of neurons and pancreatic endocrine cells, in which their inclusion depends on the splicing factors SRRM3 and SRRM4 (SRRM3/4). However, in pancreatic cells, lower expression of these regulators limits inclusion to only the most sensitive subset among all neuronal microexons. Although various cis-acting elements can contribute to microexon regulation, how they determine this differential dose response and the corresponding high or low sensitivity to SRRM3/4 remains unknown. Here we use massively parallel splicing assays probing 28,535 variants to show that sensitivity to SRRM4 is conserved across vertebrates. Our data support a regulatory model whereby high or low microexon sensitivity is largely determined by the interplay between core splicing architecture and length constraints. This conclusion is further supported by distinct spliceosome activities in the absence of SRRM3/4 and by a mathematical model that assumes that the two types of microexons differ only in their efficiency to recruit early spliceosomal components.</subfield>
   </datafield>
   <datafield ind2=" " ind1=" " tag="520">
      <subfield code="a">The research was funded by the European Research Council under the European Union’s Horizon 2020 research and innovation program (ERC-CoG, grant agreement 101002275 to M.I.) and Spanish Ministry of Science and Innovation (PID2020-115040GB-I00/AEI/10.13039/501100011033 to M.I.). R.M.-C. acknowledges support from RYC2021-033860-I funded by MCIN/AEI/10.13039/501100011033 and by European Union NextGeneration EU/PRTR. CRG acknowledges support of the Spanish Ministry of Science and Innovation through the Centro de Excelencia Severo Ochoa (CEX2020-001049-S, MCIN/AEI/10.13039/501100011033) and the Generalitat de Catalunya through the CERCA program.</subfield>
   </datafield>
   <datafield tag="653" ind2=" " ind1=" ">
      <subfield code="a">Microexon</subfield>
   </datafield>
   <datafield tag="653" ind2=" " ind1=" ">
      <subfield code="a">Core spliceosome</subfield>
   </datafield>
   <datafield tag="653" ind2=" " ind1=" ">
      <subfield code="a">Massively Parallel Splicing assays</subfield>
   </datafield>
   <datafield ind2="0" ind1="0" tag="245">
      <subfield code="a">Core splicing architecture and early spliceosomal recognition determine microexon sensitivity to SRRM3/4</subfield>
   </datafield>
</record></metadata></record></GetRecord></OAI-PMH>